The sounding symbol : music education in action
Saved in:
| Main Author: | |
|---|---|
| Format: | Book |
| Language: | English |
| Published: |
Cheltenham :
Stanley Thornes,
1995
|
| Subjects: | |
| Tags: |
Add Tag
No Tags, Be the first to tag this record!
|
MARC
| LEADER | 00000nam a2200000 i 4500 | ||
|---|---|---|---|
| 001 | 1/92029 | ||
| 008 | 991109s1995 eng d | ||
| 020 | |a 0-7487-2323-4 | ||
| 035 | |l 10053869 | ||
| 040 | |a GR-MY-UA |b gre |e aacr | ||
| 041 | 0 | |a eng | |
| 082 | 0 | |a 780.71 | |
| 100 | 1 | |a Odam, George. | |
| 245 | 1 | 4 | |a The sounding symbol : |b music education in action / |c George Odam |
| 260 | |a Cheltenham : |b Stanley Thornes, |c 1995 | ||
| 300 | |a 144 p. | ||
| 650 | 0 | 0 | |a Music |x Instruction and study. |
| 852 | |a INST |b RHODES |e 19991109 |h 780.71 ODA |p 005400012620 |q 005400012620 |t BK |y 0 | ||
| 901 | |a BIBL4-1999-3 | ||
| 909 | |a Ρ |b 068938 | ||
| 922 | |a 4ΕΛΗ |b 199909 |c ΚΠΣ/154 |d GLORY BOOKS | ||
| 970 | |a ΚΟΥΛΑΚΙΟΤΗ |b ΛΙΤΣΑ |z 1999/11/09 | ||